Clerical function: a survey of modern clerical: systemsand methods (Record no. 374652)

000 -LEADER
fixed length control field 00410cam a22001337a 4500
008 - FIXED-LENGTH DATA ELEMENTS--GENERAL INFORMATION
fixed length control field 180718b1961 xxu||||| |||| 00| 0 eng d
082 ## - DEWEY DECIMAL CLASSIFICATION NUMBER
Classification number I53 M941
100 ## - MAIN ENTRY--PERSONAL NAME
Personal name Murdoch, Allan
245 ## - TITLE STATEMENT
Title Clerical function: a survey of modern clerical: systemsand methods
Statement of responsibility, etc. by Allan Murdoch and J. Rodnay Dale
260 ## - PUBLICATION, DISTRIBUTION, ETC.
Place of publication, distribution, etc. London
Name of publisher, distributor, etc. Ptiman
Date of publication, distribution, etc. 1961
300 ## - PHYSICAL DESCRIPTION
Extent 212p.
650 ## - SUBJECT ADDED ENTRY--TOPICAL TERM
Topical term or geographic name entry element Office Management
700 ## - ADDED ENTRY--PERSONAL NAME
Personal name Dale, J. Rodney
Holdings
Withdrawn status Lost status Damaged status Not for loan Permanent Location Current Location Date acquired Full call number Barcode Date last seen Price effective from Koha item type
        Indian Institute of Public Administration Indian Institute of Public Administration 1994-06-28 I53 M941 26907 2018-07-21 2018-07-21 Book

Powered by Koha